El elefante Ernesto / (Registro nro. 12198)

Detalles MARC
000 -LIDER
fixed length control field 00507nam a2200193 4500
003 - IDENTIFICACDOR DE NÚMERO DE CONTROL
control field DO-SdBNP
005 - DATE AND TIME OF LATEST TRANSACTION
control field 20180216125205.0
008 - ELEMENTOS DE LONGITUD FIJA
fixed length control field 161201b1999 sp||||| |||| 00| 0 spa d
020 ## - ISBN
International Standard Book Number 8421635670
040 ## - FUENTE DE CATALOGACIÓN
Agencia que crea de manera original el registro BPMSU
Idioma de catalogación spa
Agencia que realiza la transcripción BPMSU
100 ## - ASIENTO PRINCIPAL -- NOMBRE PERSONAL
Nombre personal Doumerc, Beatriz
245 ## - MENCIÓN DE TITULO
Título El elefante Ernesto /
Mención de responsabilidad Beatriz Doumerc
250 ## - MENCIÓN DE EDICION
Mención de edición 2 da. ed.
260 ## - PUBLICACIÓN, DISTRIBUCIÓN, ETC. (PIE DE IMPRENTA)
Lugar de publicación, distribución, etc Madrid :
Nombre del editor, distribuidor, etc. Bruño ,
Fecha de publicación, distribución, etc 1999
300 ## - DESCRIPCIÓN FÍSICA
Extensión 22 p. :
Otros detalles físicos il. :
Dimensiones 22 cm
942 ## - ADDED ENTRY ELEMENTS (KOHA)
Source of classification or shelving scheme Dewey Decimal Classification
Koha item type Libros
945 ## - INFORMACIÓN DE PROCESAMIENTO LOCAL
Información de procesamiento local inventariado, 2018 / dg
956 ## - LOCAL ELECTRONIC LOCATION AND ACCESS (OCLC)
Nombre de host dgarcia
Existencias
Withdrawn status Lost status Source of classification or shelving scheme Damaged status Not for loan Collection code Home library Current library Date acquired Source of acquisition Total Checkouts Barcode Date last seen Price effective from Koha item type
    Dewey Decimal Classification     Colección Infantil General Biblioteca Pública Metropolitana Salomé Ureña Biblioteca Pública Metropolitana Salomé Ureña 12/01/2016 Donado   BPMSU16120007 12/01/2016 12/01/2016 Libros